Top Gear Quiz Stats

 Plays Quiz not verified by Sporcle

Challenge
Share
Tweet
Embed
Score 0/30 Timer 05:00
0 Plays Today
Category Answer % Correct
PresentersJames May
94.6%
PresentersRichard Hammond
93.6%
PresentersJeremy Clarkson
92.4%
Name of Corners on the Top Gear trackGambon
87.2%
The Special episodes (part of series)USA
81.4%
Name of Corners on the Top Gear trackHammerhead
79.8%
Name of Corners on the Top Gear trackThe follow through
63%
Number of Series (as of April 2010)14
62.5%
Name of Corners on the Top Gear trackChicago
60.9%
Versions of the Stig (cousins)American
59.8%
International Countries with their own versionAustralia
56.8%
Versions of the Stig (cousins)African
51.3%
The Special episodes (part of series)Vietnam
47.4%
The Special episodes (part of series)Botswana
39.3%
Former Reasonably Priced CarSuzuki Liana
39%
Category Answer % Correct
The Special episodes (part of series)Polar
37.6%
Top Gear Car of the decadeBugatti Veyron
37.5%
Name of Reasonably Priced CarChevrolet Lacetti
37%
Name of Theme tune (adaptation of the Allman Brothers) Jessica
36%
Fastest, Star in a Reasonably Priced CarJay Kay
35.2%
Name of Corners on the Top Gear trackThe second to last
29.5%
International Countries with their own versionRussia
16.1%
Versions of the Stig (cousins)Lorry Driving
15.6%
One-off SpecialsWinter Olympic
14.4%
Versions of the Stig (cousins)Vegetarian
14.3%
Top of Power Lap boardGumpert Apollo
13.5%
Versions of the Stig (cousins)Communist
10.5%
One-off SpecialsTop Ground Gear Force
9%
One-off SpecialsTop Gear of the Pops
8.1%
The Special episodes (part of series)Bolivian
7.7%

You're not logged in!

Compare scores with friends on all Sporcle quizzes.
Join for Free
OR
Log In

You Might Also Like...

Show Comments

Extras

Created Apr 18, 2010SourceReportNominate
Tags:category, gear, Top Gear

Top Quizzes Today


Score Distribution

Your Account Isn't Verified!

In order to create a playlist on Sporcle, you need to verify the email address you used during registration. Go to your Sporcle Settings to finish the process.

Report this User

Report this user for behavior that violates our Community Guidelines.

Details: